<?xml version="1.0" encoding="UTF-8"?>
<record
    xmlns:xsi="http://www.w3.org/2001/XMLSchema-instance"
    xsi:schemaLocation="http://www.loc.gov/MARC21/slim http://www.loc.gov/standards/marcxml/schema/MARC21slim.xsd"
    xmlns="http://www.loc.gov/MARC21/slim">

  <leader>03575cam a2200337 i 4500</leader>
  <controlfield tag="001">16748381</controlfield>
  <controlfield tag="003">EG-ScBUE</controlfield>
  <controlfield tag="005">20230314110152.0</controlfield>
  <controlfield tag="008">110423s2013    maua   f      001 0 eng d</controlfield>
  <datafield tag="020" ind1=" " ind2=" ">
    <subfield code="a">9780240817002</subfield>
  </datafield>
  <datafield tag="020" ind1=" " ind2=" ">
    <subfield code="a">0240817001</subfield>
  </datafield>
  <datafield tag="035" ind1=" " ind2=" ">
    <subfield code="a">(OCoLC)ocn657600316</subfield>
  </datafield>
  <datafield tag="040" ind1=" " ind2=" ">
    <subfield code="a">UKM</subfield>
    <subfield code="b">eng</subfield>
    <subfield code="e">rda</subfield>
    <subfield code="c">UKM</subfield>
    <subfield code="d">BTCTA</subfield>
    <subfield code="d">YDXCP</subfield>
    <subfield code="d">JQQ</subfield>
    <subfield code="d">BWX</subfield>
    <subfield code="d">MHH</subfield>
    <subfield code="d">CDX</subfield>
    <subfield code="d">DLC</subfield>
    <subfield code="d">EG-ScBUE</subfield>
  </datafield>
  <datafield tag="082" ind1="0" ind2="4">
    <subfield code="a">791.430233</subfield>
    <subfield code="b">TOM</subfield>
    <subfield code="2">22</subfield>
  </datafield>
  <datafield tag="100" ind1="1" ind2=" ">
    <subfield code="a">Tomaric, Jason J.,</subfield>
    <subfield code="d">1976-</subfield>
    <subfield code="e">author.</subfield>
    <subfield code="9">41838</subfield>
  </datafield>
  <datafield tag="245" ind1="1" ind2="0">
    <subfield code="a">Filmmaking :</subfield>
    <subfield code="b">direct your movie from script to screen using proven Hollywood techniques /</subfield>
    <subfield code="c">by Jason J. Tomaric.</subfield>
  </datafield>
  <datafield tag="264" ind1=" " ind2="1">
    <subfield code="a">Burlington, MA ;</subfield>
    <subfield code="a">Oxon :</subfield>
    <subfield code="b">Focal Press / Taylor &amp; Francis Group,</subfield>
    <subfield code="c">2013.</subfield>
  </datafield>
  <datafield tag="300" ind1=" " ind2=" ">
    <subfield code="a">xii, 520 pages :</subfield>
    <subfield code="b">illustrations ;</subfield>
    <subfield code="c">23 cm</subfield>
  </datafield>
  <datafield tag="336" ind1=" " ind2=" ">
    <subfield code="2">rdacontent</subfield>
    <subfield code="a">text</subfield>
    <subfield code="b">txt</subfield>
  </datafield>
  <datafield tag="337" ind1=" " ind2=" ">
    <subfield code="2">rdamedia</subfield>
    <subfield code="a">unmediated</subfield>
    <subfield code="b">n</subfield>
  </datafield>
  <datafield tag="338" ind1=" " ind2=" ">
    <subfield code="2">rdacarrier</subfield>
    <subfield code="a">volume</subfield>
    <subfield code="b">nc</subfield>
  </datafield>
  <datafield tag="500" ind1=" " ind2=" ">
    <subfield code="a">Includes index.</subfield>
  </datafield>
  <datafield tag="505" ind1="0" ind2=" ">
    <subfield code="a">Table of Contents -- DEVELOPMENT -- Chapter 1: The Script -- PRE-PRODUCTION -- Chapter 2: Pre-Production -- Chapter 3: Budgeting -- Chapter 4: Scheduling -- Chapter 5: Insurance -- Chapter 6: Locations -- Chapter 7: Auditioning Actors -- Chapter 8: The Crew -- Chapter 9: Unions &amp; Guilds -- Chapter 10: Equipment -- Chapter 11: Production Design -- PRODUCTION -- Chapter 12: Production -- Chapter 13: Acting -- Chapter 14: Directing -- Chapter 15: Cinematography --
Chapter 16: Audio Recording -- Chapter 17: Hair &amp; Make-Up --
Chapter 18: Craft Services &amp; Catering -- POST-PRODUCTION -- Chapter 19: Editing -- Chapter 20: Digital Effects -- Chapter 21: Post-Production Audio -- Chapter 22: Music --
MARKETING -- Chapter 23: Distribution -- Index.</subfield>
  </datafield>
  <datafield tag="520" ind1=" " ind2=" ">
    <subfield code="a">Filmmaking, the definitive resource for filmmakers, blows the doors off the secretive film industry and shows you how to adapt the Hollywood-system for your production. Full of thousands of tips, tricks, and techniques from Emmy-winning director Jason Tomaric, Filmmaking systematically takes you through every step of how to produce a successful movie - from developing a marketable idea through selling your completed movie. Whether you're on a budget of $500 or $50,000,000, Filmmaking reveals some of Hollywood's best-kept secrets. Make your movie and do it right. The companion site includes: Over 30-minutes of high-quality video tutorials featuring over a dozen working Hollywood professionals Industry-standard forms and contracts you can use for your production Sample scripts, storyboards, schedules, call sheets, contracts, letters from the producer, camera logs and press kits 45-minute video that takes you inside the movie that launched Jason's career. 3,000 extras, 48 locations, 650 visual effects, and all made from his parent's basement for $25,000. Filmmaking, the definitive resource for filmmakers, blows the doors off the secretive film industry and shows you how to adapt the Hollywood-system for your production. Full of thousands of tips, tricks, and techniques from Emmy-winning director Jason Tomaric, Filmmaking systematically takes you through every step of how to produce a successful movie - from developing a marketable idea through selling your completed movie. Whether you're on a budget of $500 or $50,000,000, Filmmaking reveals some of Hollywood's best-kept secrets. Make your movie and do it right.</subfield>
  </datafield>
  <datafield tag="650" ind1=" " ind2="7">
    <subfield code="a">Motion pictures</subfield>
    <subfield code="x">Production and direction.</subfield>
    <subfield code="2">BUEsh</subfield>
    <subfield code="9">39027</subfield>
  </datafield>
  <datafield tag="651" ind1=" " ind2=" ">
    <subfield code="2">BUEsh</subfield>
  </datafield>
  <datafield tag="653" ind1=" " ind2=" ">
    <subfield code="b">COMAME</subfield>
    <subfield code="c">October2018</subfield>
  </datafield>
  <datafield tag="655" ind1=" " ind2=" ">
    <subfield code="v">Text book</subfield>
  </datafield>
  <datafield tag="942" ind1=" " ind2=" ">
    <subfield code="2">ddc</subfield>
    <subfield code="c">BB</subfield>
  </datafield>
  <datafield tag="999" ind1=" " ind2=" ">
    <subfield code="c">26901</subfield>
    <subfield code="d">26873</subfield>
  </datafield>
  <datafield tag="952" ind1=" " ind2=" ">
    <subfield code="0">0</subfield>
    <subfield code="1">0</subfield>
    <subfield code="2">ddc</subfield>
    <subfield code="4">0</subfield>
    <subfield code="7">0</subfield>
    <subfield code="8">Baccah</subfield>
    <subfield code="a">MAIN</subfield>
    <subfield code="b">MAIN</subfield>
    <subfield code="c">2ND</subfield>
    <subfield code="d">2018-10-29</subfield>
    <subfield code="e">Purchase</subfield>
    <subfield code="g">650.00</subfield>
    <subfield code="l">0</subfield>
    <subfield code="o">791.430233 TOM</subfield>
    <subfield code="p">000043670</subfield>
    <subfield code="r">2025-07-15 00:00:00</subfield>
    <subfield code="y">NB</subfield>
  </datafield>
  <datafield tag="952" ind1=" " ind2=" ">
    <subfield code="0">0</subfield>
    <subfield code="1">0</subfield>
    <subfield code="2">ddc</subfield>
    <subfield code="4">0</subfield>
    <subfield code="7">0</subfield>
    <subfield code="8">Baccah</subfield>
    <subfield code="a">MAIN</subfield>
    <subfield code="b">MAIN</subfield>
    <subfield code="c">2ND</subfield>
    <subfield code="d">2018-10-29</subfield>
    <subfield code="e">Purchase</subfield>
    <subfield code="l">1</subfield>
    <subfield code="m">1</subfield>
    <subfield code="o">791.430233 TOM</subfield>
    <subfield code="p">000043671</subfield>
    <subfield code="q">2026-03-31</subfield>
    <subfield code="r">2026-03-16 00:00:00</subfield>
    <subfield code="s">2026-03-16</subfield>
    <subfield code="w">2018-10-29</subfield>
    <subfield code="y">BB</subfield>
  </datafield>
  <datafield tag="952" ind1=" " ind2=" ">
    <subfield code="0">0</subfield>
    <subfield code="1">0</subfield>
    <subfield code="2">ddc</subfield>
    <subfield code="4">0</subfield>
    <subfield code="7">0</subfield>
    <subfield code="8">Baccah</subfield>
    <subfield code="a">MAIN</subfield>
    <subfield code="b">MAIN</subfield>
    <subfield code="c">2ND</subfield>
    <subfield code="d">2018-10-29</subfield>
    <subfield code="e">Purchase</subfield>
    <subfield code="l">2</subfield>
    <subfield code="m">51</subfield>
    <subfield code="o">791.430233 TOM</subfield>
    <subfield code="p">000043672</subfield>
    <subfield code="q">2026-05-17</subfield>
    <subfield code="r">2025-11-19 00:00:00</subfield>
    <subfield code="s">2025-11-19</subfield>
    <subfield code="w">2018-10-29</subfield>
    <subfield code="y">BB</subfield>
  </datafield>
  <datafield tag="952" ind1=" " ind2=" ">
    <subfield code="0">0</subfield>
    <subfield code="1">0</subfield>
    <subfield code="2">ddc</subfield>
    <subfield code="4">0</subfield>
    <subfield code="7">0</subfield>
    <subfield code="8">Baccah</subfield>
    <subfield code="a">MAIN</subfield>
    <subfield code="b">MAIN</subfield>
    <subfield code="c">2ND</subfield>
    <subfield code="d">2018-10-29</subfield>
    <subfield code="e">Purchase</subfield>
    <subfield code="l">4</subfield>
    <subfield code="m">38</subfield>
    <subfield code="o">791.430233 TOM</subfield>
    <subfield code="p">000043673</subfield>
    <subfield code="r">2025-07-15 00:00:00</subfield>
    <subfield code="s">2022-09-26</subfield>
    <subfield code="w">2018-10-29</subfield>
    <subfield code="y">BB</subfield>
  </datafield>
</record>
